Ensayos sobre la ciencia de la administración (Registro nro. 6422)

Detalles MARC
000 -LEADER
fixed length control field 01715 a2200325 4500
001 - CONTROL NUMBER
control field 58457
005 - DATE AND TIME OF LATEST TRANSACTION
control field 20260407155841.0
008 - FIXED-LENGTH DATA ELEMENTS--GENERAL INFORMATION
fixed length control field 260407a1970 arg spa d
003 - CONTROL NUMBER IDENTIFIER
control field AR-UNSa-BCEJYS
040 ## - CATALOGING SOURCE
Original cataloging agency AR-UNSa-BCEJYS
Language of cataloging spa
Transcribing agency AR-UNSa-BCEJYS
080 ## - UNIVERSAL DECIMAL CLASSIFICATION NUMBER
Universal Decimal Classification number 658
Common auxiliary subdivision Administración de empresas. Organización comercial
041 ## - LANGUAGE CODE
Language code of text/sound track or separate title spa
100 1# - MAIN ENTRY--PERSONAL NAME
Personal name Gulick, Luther
245 10 - TITLE STATEMENT
Title Ensayos sobre la ciencia de la administración
264 #1 - PRODUCTION, PUBLICATION, DISTRIBUTION, MANUFACTURE, AND COPYRIGHT NOTICE
Place of production, publication, distribution, manufacture Buenos Aires :
Name of producer, publisher, distributor, manufacturer ICAP (Instituto Centroamericano de Administración Pública)
Date of production, publication, distribution, manufacture, or copyright notice 1970
300 ## - PHYSICAL DESCRIPTION
Extent 198 p.
Dimensions 27 cm.
505 ## - FORMATTED CONTENTS NOTE
Formatted contents note 1. Notas sobre la teoría de la organización / Luther Gulick - 2. La organización como un problema técnico / por L. Urwick - 3. Los principios de la organización / por James D. Mooney - 4. La teoría administrativa en el estado / por Henri Fayol - 5. La función de la administración / por L. Urwick - 6. La necesidad de mejorar la tecnología de las ciencias políticas / por Henry I. Denninson - 7. Los efectos del ambiente social / por L. J. Henderson, I. N. Whitehead y Elton Mayo - 8. El proceso del control / por Mary Parker Follet - 9. Los pros y los contras de la funcionalización / por John Lee - 10. Las relaciones dentro de la organización / por V. A. Graicunas - 11. La ciencia, los valores abstractos y la administración pública / por Luther Gulick
590 ## - LOCAL NOTE (RLIN)
Local note niveau_biblio:m niveau_hierar:0
700 1# - ADDED ENTRY--PERSONAL NAME
Personal name Urwick, L.
700 1# - ADDED ENTRY--PERSONAL NAME
Personal name Mooney, James D.
700 1# - ADDED ENTRY--PERSONAL NAME
Personal name Fayol, Henri
700 1# - ADDED ENTRY--PERSONAL NAME
Personal name Dennison, Henry S.
700 1# - ADDED ENTRY--PERSONAL NAME
Personal name Henderson, L.J.
700 1# - ADDED ENTRY--PERSONAL NAME
Personal name Whitehead, T.N.
700 1# - ADDED ENTRY--PERSONAL NAME
Personal name Mayo, Elton
700 1# - ADDED ENTRY--PERSONAL NAME
Personal name Parker Follett, Mary
700 1# - ADDED ENTRY--PERSONAL NAME
Personal name Lee, John
700 1# - ADDED ENTRY--PERSONAL NAME
Personal name Graicunas, V.A.
942 ## - ADDED ENTRY ELEMENTS (KOHA)
Koha item type
Existencias
Withdrawn status Lost status Damaged status Not for loan Home library Current library Shelving location Date acquired Total checkouts Full call number Barcode Date last seen Price effective from Koha item type
        Biblioteca Prof. Eusebio Cleto del Rey Biblioteca Prof. Eusebio Cleto del Rey   07/04/2026   658 E59 L13859 07/04/2026 07/04/2026 Libro
        Biblioteca Prof. Eusebio Cleto del Rey Biblioteca Prof. Eusebio Cleto del Rey   07/04/2026   658 E59 L13858 07/04/2026 07/04/2026 Libro